000 00415nam a2200181Ia 4500
001 17154
005 20260306170404.0
008 260306t2003||||xx |||||||||||||| ||und||
041 _aESP
082 _a657.48
_bC81
100 _aGrupo Océano
_eAUT
245 0 _aContabilidad financiera
260 _c2003
300 _a751 páginas :
_c26 cm.
650 _aGEN
654 _aCCO
942 _cLIB
_dJUS
_fJUS
_2ddc
_n
999 _c17154
_d17154